000 01501nam0a2200313 4500
001 RU\NLR\bibl\81680
005 20250616104359.0
021 _aRU
_b1999-46368
_92288
035 _a(NLR Aleph) 000079758
090 _a443587
_c443587
100 _a20000421d1999 |||y0rusy50 ca
101 0 _arus
102 _aRU
105 _aa |||||||||
200 1 _aБухгалтерская отчетность
_eУчеб. пособие для студентов вузов, обучающихся по экон. спец.
_fВ.В. Говдя
_gМ-во сел. хоз-ва и продовольствия Рос. Федерации, Куб. аграр. ун-т
210 _aКраснодар
_cКГАУ
_d1999
215 _a242 с.
_cсхем.
_d20
320 _aБиблиогр.: с. 201-204 (38 назв.)
606 0 _aБухгалтерский учет
_jРуководства, пособия и т.п. для высшей школы
_xОтчетность
_92161760
_3RU\NLR\auth\661300937
606 0 _aБухгалтерский учет
_jУчебные издания для высшей школы
_xОтчетность
_92161760
_3RU\NLR\auth\661300937
686 _aУ052.9(2)2-15я73
700 1 _aГовдя
_bВ. В.
_gВиктор Виленович
_4070
801 0 _aRU
_bNLR
_c20000421
_gPSBO
801 1 _aRU
_bNLR
_c20000421
830 _aАвт. раскрыт по кн.
852 _aNLR
_j2000-3/1588
942 _cBOOK
980 _aNB